000 00609nam a2200241Ia 4500
003 OSt
005 20221005125422.0
006 a|||||r|||| 00| 0
007 ta
008 221004b |||||||| |||| 00| 0 san d
024 _a43731
037 _cTextual
040 _aCRL
_cCRL
_bsan
041 _2san
_asan
082 _aO15:1F20:1, F6;1
100 _aDhoyi
245 0 _aPavanadutam ed by Chintaharan Chakravarti
260 _c1926
650 _a ENGLISH LITERATURE
650 _aSANSKRIT LITERATURE
942 _hO15:1F20:1, F6;1
_cTEXL
_2cc
999 _c1053958
_d1053958